Старообрядческая графика. Рисованный лубок из частных собраний (Запись № 12014085)

Подробности
000 -МАРКЕР
контрольное поле 03537nam0a2200505 i 4500
001 - ИДЕНТИФИКАТОР ЗАПИСИ
контрольное поле RU\NLR\BIBL_A\012458784
005 - ИДЕНТИФИКАТОР ВЕРСИИ
контрольное поле 20260407150721.0
010 ## - МЕЖДУНАРОДНЫЙ СТАНДАРТНЫЙ НОМЕР КНИГИ (ISBN)
Номер (ISBN) 9785446528899
021 ## - НОМЕР ГОСУДАРСТВЕННОЙ РЕГИСТРАЦИИ
Код страны российская федерация
Номер 2020-65848
Номер Листа государственной регистраци КН-П-4947
035 ## - ДРУГИЕ СИСТЕМНЫЕ НОМЕРА
Идентификатор записи (RuMoRGB)010457491
035 ## - ДРУГИЕ СИСТЕМНЫЕ НОМЕРА
Идентификатор записи (NLR Aleph) 012458784
100 ## - ДАННЫЕ ОБЩЕЙ ОБРАБОТКИ
Данные общей обработки 20210224d2020 k y0rusy50 ca
101 0# - ЯЗЫК РЕСУРСА
Язык текста, звукозаписи и т.д. русский
-- английский
102 ## - СТРАНА ПУБЛИКАЦИИ ИЛИ ПРОИЗВОДСТВА
Страна публикации российская федерация
105 ## - ПОЛЕ КОДИРОВАННЫХ ДАННЫХ: ТЕКСТОВЫЕ МАТЕРИАЛЫ, МОНОГРАФИЧЕСКИЕ
Кодированные данные о монографическом текстовом документе ah||b|||000zy
181 #0 - ПОЛЕ КОДИРОВАННЫХ ДАННЫХ: ВИД СОДЕРЖАНИЯ
Код вида содержания (ISBD) i
Код характеристики содержания (ISBD) axxe
182 #0 - ПОЛЕ КОДИРОВАННЫХ ДАННЫХ: ТИП СРЕДСТВА
Код типа средства (ISBD) n - непосредственное
200 1# - ЗАГЛАВИЕ И СВЕДЕНИЯ ОБ ОТВЕТСТВЕННОСТИ
Основное заглавие Старообрядческая графика. Рисованный лубок из частных собраний
Параллельное заглавие Old believer pictoral art. Painted prints from private collections
Сведения, относящиеся к заглавию выставка, 5 октября - 2 ноября 2020 года
-- [каталог]
Первые сведения об ответственности Центральный музей древнерусской культуры и искусства имени Андрея Рублева при поддержке Министерства культуры Российской Федерации
Последующие сведения об ответственности [составитель, автор статьи и каталожных описаний: О.Р. Хромов
-- научный редактор: Н.И. Комашко
-- автор идеи, вступление: М.Б. Миндлин]
Язык параллельного заглавия английский
203 ## - ВИД СОДЕРЖАНИЯ И ТИП СРЕДСТВА
Вид содержания Текст
Дополнительные сведения об издании визуальный
Тип средства непосредственный
210 ## - ПУБЛИКАЦИЯ, РАСПРОСТРАНЕНИЕ И ДР.
Место издания, распространения и т.д. Москва
Имя издателя, распространителя и т. д. Центральный музей древнерусской культуры и искусства им. А. Рублева
Дата издания, распространения и т.д. 2020
215 ## - ФИЗИЧЕСКАЯ ХАРАКТЕРИСТИКА
Специфическое обозначение материала и объем 53 с.
Другие сведения о физической характеристике цв. ил., факс.
Размеры 22
300 ## - ОБЩИЕ ПРИМЕЧАНИЯ
Текст примечания Загл. обл. и на авантит.: Старообрядческая графика
300 ## - ОБЩИЕ ПРИМЕЧАНИЯ
Текст примечания Часть текста парал. рус., англ.
300 ## - ОБЩИЕ ПРИМЕЧАНИЯ
Текст примечания Рез. англ.
320 ## - ПРИМЕЧАНИЯ О НАЛИЧИИ В ДОКУМЕНТЕ БИБЛИОГРАФИИ / УКАЗАТЕЛЯ
Текст примечания Библиогр.: с. 51-52
510 1# - ПАРАЛЛЕЛЬНОЕ ЗАГЛАВИЕ
Параллельное заглавие Old believer pictoral art. Painted prints from private collections
Язык заглавия английский
517 1# - ДРУГИЕ ВАРИАНТЫ ЗАГЛАВИЯ
Вариант заглавия Рисованный лубок из частных собраний
601 02 - НАИМЕНОВАНИЕ ОРГАНИЗАЦИИ КАК ПРЕДМЕТ
Начальный элемент ввода Центральный музей древнерусской культуры и искусства им. А. Рублева
Идентифицирующий признак Москва, город
Формальный подзаголовок Каталоги
Тематический подзаголовок Выставки
Хронологический подзаголовок 2020
Системный номер авторитетной/нормативной записи 2454093
Идентификатор авторитетной/нормативной записи RU\NLR\AUTH\6601676392
606 1# - НАИМЕНОВАНИЕ ТЕМЫ КАК ПРЕДМЕТ
Наименование темы Лубок русский
Формальный подзаголовок Каталоги
Тематический подзаголовок Выставки
Географический подзаголовок Москва, город
Хронологический подзаголовок 19 в.
-- 2020
Системный номер авторитетной/нормативной записи 2469957
Идентификатор авторитетной/нормативной записи RU\NLR\AUTH\6601684071
606 ## - НАИМЕНОВАНИЕ ТЕМЫ КАК ПРЕДМЕТ
Наименование темы Изобразительное искусство и религия
Системный номер авторитетной/нормативной записи 2117310
Идентификатор авторитетной/нормативной записи RU\NLR\AUTH\661278951
686 1# - ИНДЕКСЫ ДРУГИХ КЛАССИФИКАЦИЙ
Индекс Щ101.3(2Р)-2Москва2Музей им. А.Рублева л62
686 1# - ИНДЕКСЫ ДРУГИХ КЛАССИФИКАЦИЙ
Индекс Щ153(2Р=Рус)5-465л62
686 1# - ИНДЕКСЫ ДРУГИХ КЛАССИФИКАЦИЙ
Индекс Щ100.064
702 #1 - ИМЯ ЛИЦА - ВТОРИЧНАЯ ОТВЕТСТВЕННОСТЬ
Код отношения Составитель
Материалы, к которым относится поле rus
Графика поля Кириллица
Начальный элемент ввода Хромов
Часть имени, кроме начального элемента ввода О.Р.
Дополнения к именам, кроме дат д-р искусствоведения
Расширение инициалов личного имени Олег Ростиславович
Идентификатор авторитетной/нормативной записи RU\NLR\AUTH\7719561
Системный номер авторитетной/нормативной записи 2633
702 #1 - ИМЯ ЛИЦА - ВТОРИЧНАЯ ОТВЕТСТВЕННОСТЬ
Начальный элемент ввода Комашко
Часть имени, кроме начального элемента ввода Н. И.
Расширение инициалов личного имени Наталья Игнатьевна
Код отношения Редактор
702 #1 - ИМЯ ЛИЦА - ВТОРИЧНАЯ ОТВЕТСТВЕННОСТЬ
Начальный элемент ввода Миндлин
Часть имени, кроме начального элемента ввода М. Б.
Расширение инициалов личного имени Михаил Борисович
Код отношения Автор идеи, слогана
711 12 - НАИМЕНОВАНИЕ ОРГАНИЗАЦИИ - АЛЬТЕРНАТИВНАЯ ОТВЕТСТВЕННОСТЬ
Начальный элемент ввода "Старообрядческая графика. Рисованный лубок из частных собраний", выставка
Место проведения временной организации Москва
Дата проведения временной организации 2020
Системный номер авторитетной/нормативной записи 738180
Идентификатор авторитетной/нормативной записи RU\NLR\AUTH\880537455
712 02 - НАИМЕНОВАНИЕ ОРГАНИЗАЦИИ - ВТОРИЧНАЯ ОТВЕТСТВЕННОСТЬ
Код отношения Организатор конференции
Начальный элемент ввода Центральный музей древнерусской культуры и искусства им. А. Рублева
Идентифицирующий признак Москва
Идентификатор авторитетной/нормативной записи RU\NLR\AUTH\8810025827
Системный номер авторитетной/нормативной записи 549884
942 ## - ДОПОЛНИТЕЛЬНЫЕ ЭЛЕМЕНТЫ ЗАПИСИ (АБИС)
Тип экземпляра АБИС Книга
980 ## - КОЛЛЕКЦИЯ
Название коллекции НБР

Нет доступных экземпляров.